000 00672nam a2200265Ia 4500
005 20260121171748.0
008 008 260114s9999 xx 000 0 eng d
020 _a9789462653672
037 _aEBOOK
040 _aCRL
040 _beng
040 _cCRL
041 _2eng
041 _aeng
084 _qCRL
100 _aChristoph Schmon
_91080157
245 4 _aThe Interconnection of the EU Regulations Brussels I Recast and Rome I
260 _bSpringer
260 _bSpringer
260 _c2020
856 _uhttps://link.springer.com/openurl?genre=book&isbn=978-94-6265-367-2
942 _cEBOOK
999 _c1645890
_d1645890